00924nam a2200169Ia 4500001001300000003001000013008004100023040002500064041000700089100002300096245008000119250001100199260004500210300001100255500043600266650005200702b5399-36213 IT-MiCISF161014s9999||||xx |||||||||||||| ||und|| aIT-MiCISFcIT-MiCISF ait aAdilardi Antonella 0aL'educazione residenziale per i minoribCalabria: la casa famiglia "L'Arca" a1a ed. a CosenzabEditoriale Progetto 2000c2002 app. 80 a / servizi-sociali, casa-famiglia, territorio / Nella Regione Calabria, i primi tentativi per una nuova politica di deistituzionalizzazione dei minori sono iniziati nel 1970, con associazioni di volontari che operavano nel campo dei minori con disadattamento socio-familiare e psichico. In questo volume viene presentata la Casa famiglia "L'Arca" di Cosenza, nata nel 1979 come tentativo di risposta a favore dei minori a rischio.  a Famiglia e servizi / servizi-alla-personae007